000 00456nam a2200181Ia 4500
001 7609
005 20260306160508.0
008 260306t2005||||xx |||||||||||||| ||spa||
041 _aESP
082 _a352.283
_bC265
100 _aConsejo Nacional de Descentralización
_eAUT
245 0 _aMarco normativo de la descentralización
260 _c2005
300 _a293 páginas :
_c21 cm.
650 _aGEN
654 _aCAN
942 _cLIB
_dJUS
_fJUS
_2ddc
_n
999 _c7609
_d7609